000 00908cam a2200241 a 4500
001 000002361
005 20200929150204.0
008 790511s1964 sp 001 0 spa
040 _aDO-SdBNP
_bspa
_cBNPHU
041 1 7 _aspa
_heng
082 _a230.2
_bC767b, 1964
100 1 _aConway, Bertrand L.
_d1872-1959.
_97505
245 1 4 _aBuzón de preguntas :
_bobjeciones contra la religión mas corrientes en nuestros días /
_cBertrand L. Conway; traducción, Segundo Llorente.
250 _a8a ed.
260 _aMadrid :
_bRazón y Fe,
_c1964.
300 _a486 p. ;
_c17 cm.
490 1 _aBiblioteca de Espiritualidad
500 _aIncluye índice de materia y secciones
534 _aTítulo original : The question-box
610 2 0 _aIGLESIA CATÓLICA
_xOBRAS DOCTRINALES Y POLÉMICAS
_xAUTORES CATÓLICOS
_97506
700 1 _aLlorente, Segundo,
_btr.
_97507
830 0 _aBiblioteca de Espiritualidad
_97508
999 _c2203
_d2203